Among the betrayed / (Record no. 1569)

MARC details
000 -LEADER
fixed length control field 00935cam a2200277 a 4500
005 - DATE AND TIME OF LATEST TRANSACTION
control field 20230907100059.0
020 ## - INTERNATIONAL STANDARD BOOK NUMBER
International Standard Book Number 9780545493093
040 ## - CATALOGING SOURCE
Original cataloging agency DLC
Transcribing agency DLC
Modifying agency DLC
Language of cataloging eng
050 00 - LIBRARY OF CONGRESS CALL NUMBER
Classification number PZ7.H1164
Item number Ak 2002
082 00 - DEWEY DECIMAL CLASSIFICATION NUMBER
Classification number Fic
Edition number 21
100 1# - MAIN ENTRY--PERSONAL NAME
Personal name Haddix, Margaret Peterson.
245 10 - TITLE STATEMENT
Title Among the betrayed /
Statement of responsibility, etc. Margaret Peterson Haddix.
260 ## - PUBLICATION, DISTRIBUTION, ETC.
Place of publication, distribution, etc. New York :
Name of publisher, distributor, etc. Scholastic
Date of publication, distribution, etc. 2002
300 ## - PHYSICAL DESCRIPTION
Extent 156 pages :
Dimensions 20 cm
Other physical details illustrations ;
500 ## - GENERAL NOTE
General note Sequel to: Among the imposters.
505 ## - FORMATTED CONTENTS NOTE
Formatted contents note R <br/>
520 ## - SUMMARY, ETC.
Summary, etc. Thirteen-year-old Nina is imprisoned by the Population Police, who give her the option of helping them identify illegal "third-born" children, or facing death.
521 ## - TARGET AUDIENCE NOTE
Target audience note 690 <br/>
Source Lexile <br/>
521 ## - TARGET AUDIENCE NOTE
Target audience note R <br/>
Source Raz-Plus <br/>
650 #1 - SUBJECT ADDED ENTRY--TOPICAL TERM
Topical term or geographic name entry element Betrayal
Form subdivision Fiction.
650 #1 - SUBJECT ADDED ENTRY--TOPICAL TERM
Topical term or geographic name entry element Conduct of life
Form subdivision Fiction.
650 #1 - SUBJECT ADDED ENTRY--TOPICAL TERM
Topical term or geographic name entry element Science fiction.
906 ## - LOCAL DATA ELEMENT F, LDF (RLIN)
a 7
b cbc
c orignew
d 1
e ocip
f 20
g y-gencatlg
942 ## - ADDED ENTRY ELEMENTS (KOHA)
Source of classification or shelving scheme Dewey Decimal Classification
Koha item type Books
Suppress in OPAC No
999 ## -
-- 1569
-- 1569
Holdings
Withdrawn status Lost status Source of classification or shelving scheme Damaged status Not for loan Collection Home library Current library Shelving location Date acquired Total Checkouts Full call number Barcode Date last seen Price effective from Koha item type
    Dewey Decimal Classification     Juvenile Fiction Footprints International School Library Network Toul Kork Campus Footprints International School Library Network Toul Kork Campus   09/07/2023   HAD Fic PZ7.H1164 FISSE00677 09/07/2023 09/07/2023 Books